000 01846nam0a2200349 4500
001 RU\NLR\BIBL_A\022335658
005 20260607065201.0
010 _a978-5-389-24385-9
_93000
021 _aRU
_bКН-П-24-047718
_9КН-П-24-4747
035 _a(NLR Aleph) 022335658
090 _a13665843
_c13665843
100 _a20240930d2024 u y0rusy50 ca
101 1 _arus
_cita
102 _aRU
105 _aab z 000ay
181 0 _ai3
_baxxe
182 0 _an
200 1 _aСпартак
_eисторическая повесть из VII века римской эры
_fРафаэлло Джованьоли
_gперевод с итальянского Льва Френкеля
_gиллюстрации Григория Филипповского
203 _aТекст
_bвизуальный
_cнепосредственный
210 _aМосква
_cАзбука-Аттикус, Иностранка
_d2024
215 _a699, [1] с.
_cил., карты
_d22
225 1 _aИностранная литература
_iБольшие книги
300 _aПеч. по изд.: Спартак : историческая повесть из VII века римской эры / Джованьоли Р. М., Л. : Академия, 1936 г.
333 _a16+
455 0 _12001#$aСпартак$eисторическая повесть из VII века римской эры$fДжованьоли Р.
_1210##$aМосква$aЛенинград$cАкадемия$d1936
_tСпартак
686 1 _aШ6(4Ит)57-440.4{Лх1607-50}
700 1 _8rus
_7ca
_aДжованьоли
_f1838-1915
_bР.
_gРафаэлло
_3RU\NLR\AUTH\7713286
_9122979
702 0 _4280
_7ca
_8rus
_aСпартак
_f-71 до н.э.
_986069
_3RU\NLR\AUTH\77103143
942 _cBOOK
980 _aNB